000
00257nam a2200085Ia 4500
245
0
_a
Wire-wrapped and beaded jewelry
100
_a
Barrick, J. Devlin Mechanicsburg, PA, 2009 1st ed
_9
85948
942
_c
BK
008
210817s9999 xx 000 0 und d
999
_c
324174
_d
324173